000 00416nam a2200169Ia 4500
005 20250423094647.0
008 250422s9999 xx 000 0 und d
020 _a9780706071
050 _aHF 5387 .O86/
100 _aOsondu, E. et al.
245 0 _aBusiness ethics: theory and objective
260 _aLagos
260 _bHighrise Associates Lagos Nigeria
260 _c2011
300 _a202 p
942 _cBK
999 _c27913
_d27913